[Event "UK Women's Blitz Championship"]
[Site "Leamington"]
[Date "2025.11.22"]
[Round "5.2"]
[White "Rida, Ruqayyah"]
[Black "Yuan, Alice"]
[Result "1-0"]
[WhiteElo "2072"]
[BlackElo "1586"]
[PlyCount "153"]
[EventDate "2025.11.22"]
[EventType "tourn (blitz)"]
[EventRounds "15"]
[EventCountry "GBR"]
[SourceTitle "BritBase"]
[Source "John Saunders"]
[SourceDate "2025.11.23"]
[SourceVersion "1"]
[SourceVersionDate "2025.11.23"]
[SourceQuality "1"]

1. e4 e6 2. d4 d5 3. Nd2 dxe4 4. Nxe4 Nd7 5. Nf3 Ngf6 6. Bd3 Nxe4 7. Bxe4 Nf6 8. Bd3 Be7 9. O-O O-O 10. Re1 Bd7 11. Ne5 c5 12. dxc5 Bxc5 13. Nxd7 Qxd7 14. Bg5 Qd8 15. Qf3 Be7 16. Rad1 Qc7 17. c3 Rad8 18. Rd2 h6 19. Bf4 Qc8 20. Red1 Nd5 21. Be5 Bg5 22. Qe4 f5 23. Qf3 Bxd2 24. Rxd2 Qd7 25. Bc2 Qf7 26. h3 Nb6 27. Re2 Rfe8 28. Bb3 Qe7 29. Qg3 Kh7 30. Bd4 Qg5 31. Qf3 Qg6 32. Qxb7 Rd7 33. Qc6 e5 34. Qxg6+ Kxg6 35. Bxb6 axb6 36. Ba4 Rdd8 37. Bxe8+ Rxe8 38. c4 Kf6 39. Kf1 Ke6 40. Ke1 Kd6 41. Kd2 Kc5 42. Kc3 b5 43. b4+ Kc6 44. c5 Kd5 45. Rd2+ Kc6 46. Rd6+ Kc7 47. Ra6 g5 48. Rxh6 e4 49. Rf6 f4 50. Kd2 Kd7 51. Rf5 f3 52. gxf3 exf3 53. Rxf3 Kc6 54. Rf5 Rd8+ 55. Ke3 Re8+ 56. Kf3 Rg8 57. Kg4 Kd7 58. Rxg5 Rxg5+ 59. Kxg5 Ke6 60. Kg6 Kd5 61. h4 Kc4 62. c6 Kxb4 63. c7 Ka3 64. c8=Q Kxa2 65. Qb7 Kb2 66. Qxb5+ Kc3 67. Qd5 Kb4 68. Qc6 Kb3 69. Qc5 Kb2 70. Qc4 Ka3 71. Qb5 Ka2 72. h5 Ka3 73. h6 Ka2 74. Qb4 Ka1 75. h7 Ka2 76. h8=R Ka1 77. Ra8# 1-0

[Event "UK Women's Blitz Championship"]
[Site "Leamington"]
[Date "2025.11.22"]
[Round "5.3"]
[White "Hryshchenko, Kamila"]
[Black "Sivanandan, Bodhana"]
[Result "0-1"]
[WhiteElo "2062"]
[BlackElo "2291"]
[PlyCount "136"]
[EventDate "2025.11.22"]
[EventType "tourn (blitz)"]
[EventRounds "15"]
[EventCountry "GBR"]
[SourceTitle "BritBase"]
[Source "John Saunders"]
[SourceDate "2025.11.23"]
[SourceVersion "1"]
[SourceVersionDate "2025.11.23"]
[SourceQuality "1"]

1. e4 e5 2. Nf3 Nf6 3. Nxe5 d6 4. Nf3 Nxe4 5. Nc3 Nxc3 6. dxc3 Be7 7. Bd3 O-O 8. Be3 Nd7 9. Qd2 Nf6 10. O-O-O Re8 11. h4 Bd7 12. Rdg1 c5 13. Ng5 Bc6 14. f3 d5 15. Bf4 Bd6 16. c4 d4 17. h5 Qc7 18. Bxd6 Qxd6 19. h6 g6 20. Nh3 Re7 21. Re1 Rae8 22. Rxe7 Qxe7 23. Nf4 Qe3 24. Qxe3 Rxe3 25. Kd2 Re7 26. c3 dxc3+ 27. Kxc3 Nd7 28. Rd1 Kf8 29. Bc2 Ke8 30. Nd5 Bxd5 31. Rxd5 Re5 32. Be4 b6 33. Rd1 Ke7 34. a3 Nf6 35. Bc6 Re6 36. Ba4 Rd6 37. Re1+ Re6 38. Rd1 Re3+ 39. Rd3 Rxd3+ 40. Kxd3 Ng8 41. b4 Nxh6 42. bxc5 bxc5 43. Ke4 Ke6 44. Bc6 f5+ 45. Ke3 Nf7 46. Bb7 Nd6 47. Bd5+ Kf6 48. f4 h6 49. g3 g5 50. a4 a5 51. Kd3 Ne8 52. Bc6 Nc7 53. Bf3 Ne6 54. Bd1 gxf4 55. gxf4 Nxf4+ 56. Ke3 Ne6 57. Bf3 Ke5 58. Bd5 f4+ 59. Kf2 Nd4 60. Bf7 f3 61. Bd5 Kf4 62. Bb7 h5 63. Bc8 h4 64. Bh3 Nb3 65. Be6 Nd2 66. Bd5 Ne4+ 67. Kg1 h3 68. Kh2 f2 0-1

[Event "UK Women's Blitz Championship"]
[Site "Leamington"]
[Date "2025.11.22"]
[Round "5.4"]
[White "Nguyen, Hong Nhung"]
[Black "Hng, Mei-Xian Eunice"]
[Result "1-0"]
[WhiteElo "2190"]
[BlackElo "2000"]
[PlyCount "67"]
[EventDate "2025.11.22"]
[EventType "tourn (blitz)"]
[EventRounds "15"]
[EventCountry "GBR"]
[SourceTitle "BritBase"]
[Source "John Saunders"]
[SourceDate "2025.11.23"]
[SourceVersion "1"]
[SourceVersionDate "2025.11.23"]
[SourceQuality "1"]

1. e4 d6 2. d4 Nf6 3. Nc3 g6 4. Bf4 Bg7 5. Qd2 a6 6. Bh6 Bxh6 7. Qxh6 Nbd7 8. Nf3 b5 9. e5 b4 10. Ne2 Nd5 11. Qg7 Rf8 12. Qxh7 N7b6 13. O-O-O Qd7 14. Kb1 Na4 15. h4 Qc6 16. h5 Bf5 17. Rc1 Rb8 18. hxg6 Bxg6 19. Qh6 Nac3+ 20. Ka1 Qa4 21. bxc3 bxc3 22. Qxf8+ Kxf8 23. Rh8+ Kg7 24. Rxb8 Nb4 25. Nxc3 Nxc2+ 26. Kb2 Qa5 27. Rxc2 Bxc2 28. Kxc2 dxe5 29. Nxe5 Qa3 30. Bc4 f6 31. Rg8+ Kh6 32. Nf7+ Kh5 33. Be2+ Kh4 34. Rh8# 1-0

[Event "UK Women's Blitz Championship"]
[Site "Leamington"]
[Date "2025.11.22"]
[Round "5.5"]
[White "Tamilselvan, Tara"]
[Black "Mirzoeva, Elmira"]
[Result "0-1"]
[WhiteElo "1887"]
[BlackElo "2122"]
[PlyCount "54"]
[EventDate "2025.11.22"]
[EventType "tourn (blitz)"]
[EventRounds "15"]
[EventCountry "GBR"]
[SourceTitle "BritBase"]
[Source "John Saunders"]
[SourceDate "2025.11.23"]
[SourceVersion "1"]
[SourceVersionDate "2025.11.23"]
[SourceQuality "1"]

1. Nf3 d6 2. e4 e5 3. Nc3 Nf6 4. Bc4 Be7 5. d4 Nbd7 6. O-O O-O 7. h3 c6 8. Be3 b5 9. Bd3 Bb7 10. a3 Qc7 11. Qe2 Rfe8 12. d5 a6 13. dxc6 Bxc6 14. Rad1 Nc5 15. Bxc5 dxc5 16. Qe3 c4 17. Be2 Rad8 18. g3 a5 19. Nh4 b4 20. Nb1 Bxe4 21. Nd2 Bxc2 22. Rc1 Bc5 23. Qf3 Rxd2 24. Bxc4 Bd4 25. b3 bxa3 26. Nf5 Qb6 27. Ne3 Be4 0-1

[Event "UK Women's Blitz Championship"]
[Site "Leamington"]
[Date "2025.11.22"]
[Round "5.6"]
[White "Pyun, Lindsay"]
[Black "Varney, Zoe"]
[Result "1/2-1/2"]
[WhiteElo "1796"]
[BlackElo "1931"]
[PlyCount "111"]
[EventDate "2025.11.22"]
[EventType "tourn (blitz)"]
[EventRounds "15"]
[EventCountry "GBR"]
[SourceTitle "BritBase"]
[Source "John Saunders"]
[SourceDate "2025.11.23"]
[SourceVersion "1"]
[SourceVersionDate "2025.11.23"]
[SourceQuality "1"]

1. e4 e5 2. Nf3 Nc6 3. Bc4 Nf6 4. d3 Bc5 5. c3 a6 6. Nbd2 d6 7. Bb3 Ba7 8. O-O O-O 9. Re1 h6 10. Nf1 Re8 11. Ng3 Be6 12. h3 d5 13. exd5 Bxd5 14. Bc2 Qd7 15. Be3 Bxe3 16. Rxe3 Rad8 17. Qe1 Bxf3 18. Rxf3 Nd5 19. Rd1 Nf4 20. Ne2 Qd6 21. Nxf4 exf4 22. Qd2 g5 23. d4 Ne7 24. h4 Ng6 25. hxg5 hxg5 26. Rh3 Qe6 27. Bb3 Qg4 28. f3 Qf5 29. Re1 c5 30. Bc2 Qd7 31. Rxe8+ Rxe8 32. Bxg6 fxg6 33. Qd3 Qd6 34. Rh6 Kg7 35. Rh3 Re3 36. Qc4 cxd4 37. Qxd4+ Qxd4 38. cxd4 Rd3 39. g4 Rxd4 40. Rh2 Rd1+ 41. Kg2 Rd2+ 42. Kg1 Rxh2 43. Kxh2 Kf6 44. Kg2 Ke5 45. Kf2 Kd4 46. Ke2 b5 47. Kd2 a5 48. Ke2 b4 49. Kd2 a4 50. Ke2 Kc4 51. Kd2 Kc5 52. Ke2 a3 53. b3 Kd5 54. Kd3 Kc5 55. Kc2 Kd4 56. Kd2 1/2-1/2

[Event "UK Women's Blitz Championship"]
[Site "Leamington"]
[Date "2025.11.22"]
[Round "5.7"]
[White "Karas, Eugenia"]
[Black "Barwick, Carmel J"]
[Result "1-0"]
[WhiteElo "2019"]
[BlackElo "1831"]
[PlyCount "111"]
[EventDate "2025.11.22"]
[EventType "tourn (blitz)"]
[EventRounds "15"]
[EventCountry "GBR"]
[SourceTitle "BritBase"]
[Source "John Saunders"]
[SourceDate "2025.11.23"]
[SourceVersion "1"]
[SourceVersionDate "2025.11.23"]
[SourceQuality "1"]

1. Nf3 d5 2. b3 c5 3. e3 f6 4. d4 cxd4 5. exd4 Bg4 6. Bb2 Nc6 7. Be2 e6 8. Nbd2 Bd6 9. h3 Bh5 10. O-O Nge7 11. c4 O-O 12. Re1 Bf7 13. c5 Bb8 14. a3 b6 15. b4 Qc7 16. Rc1 bxc5 17. dxc5 Ng6 18. b5 Nce7 19. Nf1 Nf5 20. a4 Qf4 21. Qd2 Qxa4 22. Ra1 Qf4 23. b6 Be5 24. Qxf4 Bxf4 25. b7 Rab8 26. Rxa7 Be8 27. g3 Bc7 28. Bd3 Nfe7 29. Rxe6 Bd7 30. Rea6 Bxh3 31. c6 Ne5 32. Nxe5 fxe5 33. Ra8 e4 34. Be2 Nf5 35. Ba3 Rfe8 36. Ne3 Nd4 37. Bh5 g6 38. Bd1 Nb5 39. Nxd5 Red8 40. Rxb8 Bxb8 41. Ne7+ Kf7 42. Bb3+ Kf6 43. Nd5+ Ke5 44. Bb2+ Kf5 45. Ne3+ Kg5 46. c7 Nxc7 47. Bf6+ Kh6 48. Rb6 Rf8 49. Kh2 Bd7 50. Rd6 Bf5 51. Nxf5+ gxf5 52. Be7+ Kg7 53. Bxf8+ Kxf8 54. Rd8+ Ke7 55. Rxb8 Na6 56. Ra8 1-0

[Event "UK Women's Blitz Championship"]
[Site "Leamington"]
[Date "2025.11.22"]
[Round "5.8"]
[White "Dicen, Elis Denele"]
[Black "Hariharan, Shambavi"]
[Result "0-1"]
[WhiteElo "2076"]
[BlackElo "1978"]
[PlyCount "70"]
[EventDate "2025.11.22"]
[EventType "tourn (blitz)"]
[EventRounds "15"]
[EventCountry "GBR"]
[SourceTitle "BritBase"]
[Source "John Saunders"]
[SourceDate "2025.11.23"]
[SourceVersion "1"]
[SourceVersionDate "2025.11.23"]
[SourceQuality "1"]

1. d4 Nf6 2. Bg5 Ne4 3. Bf4 d5 4. e3 c5 5. f3 Nf6 6. Nc3 a6 7. Qd2 Nc6 8. dxc5 e5 9. Bg5 d4 10. exd4 Nxd4 11. Bxf6 Qxf6 12. Bd3 Bxc5 13. Ne4 Qb6 14. Nxc5 Qxc5 15. Ne2 Nxe2 16. Qxe2 O-O 17. O-O-O Be6 18. Kb1 Qa5 19. a3 Rfd8 20. Qe4 f5 21. Qe2 Qd5 22. b3 Qc5 23. Kb2 Qd4+ 24. c3 Qc5 25. Bc2 Rac8 26. Rxd8+ Rxd8 27. Rd1 Rc8 28. c4 b5 29. cxb5 Qc3+ 30. Kb1 Bxb3 31. Rc1 Bc4 32. Qe1 Qxa3 33. Rd1 Qa2+ 34. Kc1 Bb3 35. Rd2 Qa1# 0-1

[Event "UK Women's Blitz Championship"]
[Site "Leamington"]
[Date "2025.11.22"]
[Round "6.1"]
[White "Orlovska, Madara"]
[Black "Hariharan, Shambavi"]
[Result "1-0"]
[WhiteElo "2052"]
[BlackElo "1978"]
[PlyCount "73"]
[EventDate "2025.11.22"]
[EventType "tourn (blitz)"]
[EventRounds "15"]
[EventCountry "GBR"]
[SourceTitle "BritBase"]
[Source "John Saunders"]
[SourceDate "2025.11.23"]
[SourceVersion "1"]
[SourceVersionDate "2025.11.23"]
[SourceQuality "1"]

1. d4 Nf6 2. Bf4 e6 3. Nc3 d5 4. e3 a6 5. a3 c5 6. Nf3 Nc6 7. Ne5 cxd4 8. exd4 Qb6 9. Nxc6 bxc6 10. Na4 Qa5+ 11. c3 c5 12. Nxc5 Bxc5 13. dxc5 Qxc5 14. Bd3 O-O 15. O-O e5 16. Bxe5 Ng4 17. Bg3 Be6 18. h3 Nf6 19. Bh4 Ne4 20. Qh5 g6 21. Qh6 f5 22. Bxe4 dxe4 23. Bg3 Bc4 24. Rfd1 Bd3 25. Bf4 Rae8 26. Re1 Rf6 27. Be3 Qb5 28. Bd4 Rf7 29. b4 f4 30. Rad1 Qc4 31. h4 f3 32. gxf3 Qc8 33. h5 Qh3 34. Rxd3 Ref8 35. Rxe4 Qf5 36. hxg6 hxg6 37. Qh8# 1-0

[Event "UK Women's Blitz Championship"]
[Site "Leamington"]
[Date "2025.11.22"]
[Round "6.2"]
[White "Barwick, Carmel J"]
[Black "Dicen, Elis Denele"]
[Result "1/2-1/2"]
[WhiteElo "1831"]
[BlackElo "2076"]
[PlyCount "148"]
[EventDate "2025.11.22"]
[EventType "tourn (blitz)"]
[EventRounds "15"]
[EventCountry "GBR"]
[SourceTitle "BritBase"]
[Source "John Saunders"]
[SourceDate "2025.11.23"]
[SourceVersion "1"]
[SourceVersionDate "2025.11.23"]
[SourceQuality "1"]

1. e4 c5 2. Nf3 d6 3. Bb5+ Bd7 4. Bxd7+ Qxd7 5. c4 e5 6. Nc3 Nc6 7. d3 Be7 8. O-O Bd8 9. a3 Nge7 10. Rb1 f5 11. exf5 Nxf5 12. b4 Bb6 13. Nd5 O-O 14. Re1 Rae8 15. Ne3 Nfd4 16. Nxd4 Nxd4 17. Qh5 Rf7 18. b5 Ref8 19. Rf1 Bd8 20. Bb2 Nf5 21. Nd5 Ne7 22. Ne3 b6 23. Qe2 Rf4 24. a4 Ng6 25. Nd5 R4f7 26. Ra1 Nf4 27. Nxf4 Rxf4 28. Qe3 Qf5 29. f3 Qf7 30. Bc3 Bg5 31. Qe2 Qg6 32. a5 Bd8 33. axb6 axb6 34. Ra7 R4f5 35. Bd2 R5f7 36. Rxf7 Qxf7 37. Ra1 h6 38. Ra6 Qg6 39. Qe4 Qf6 40. Qd5+ Kh7 41. Qe4+ Kh8 42. Ra7 Qe6 43. Ra8 Qd7 44. Ra6 Qc7 45. Qd5 Be7 46. Ra8 Rxa8 47. Qxa8+ Kh7 48. Qe4+ Kg8 49. Qa8+ Qd8 50. Qd5+ Kh8 51. Be3 Qc7 52. Kf2 Bf6 53. Qe6 Qd8 54. Qf7 Qe7 55. Qd5 Bh4+ 56. g3 Bf6 57. Qa8+ Kh7 58. Qe4+ Kh8 59. Qa8+ Kh7 60. Qe4+ g6 61. Qc6 Qd8 62. Qb7+ Be7 63. Kg2 g5 64. Qe4+ Kg7 65. Qf5 Bf6 66. Qe6 Qe7 67. Qd5 Qd8 68. Bf2 Qd7 69. Be3 Qd8 70. Qb7+ Be7 71. Qe4 Bf6 72. Qb7+ Be7 73. Qe4 Bf6 74. Qb7+ Be7 1/2-1/2

[Event "UK Women's Blitz Championship"]
[Site "Leamington"]
[Date "2025.11.22"]
[Round "6.3"]
[White "Varney, Zoe"]
[Black "Karas, Eugenia"]
[Result "0-1"]
[WhiteElo "1931"]
[BlackElo "2019"]
[PlyCount "53"]
[EventDate "2025.11.22"]
[EventType "tourn (blitz)"]
[EventRounds "15"]
[EventCountry "GBR"]
[SourceTitle "BritBase"]
[Source "John Saunders"]
[SourceDate "2025.11.23"]
[SourceVersion "1"]
[SourceVersionDate "2025.11.23"]
[SourceQuality "1"]

1. Nf3 Nf6 2. g3 b6 3. Bg2 Bb7 4. O-O e6 5. d4 Be7 6. c4 d5 7. b3 O-O 8. Bb2 Nbd7 9. Nc3 c5 10. cxd5 Nxd5 11. Re1 N7f6 12. Nxd5 Bxd5 13. Rc1 cxd4 14. Qxd4 Bc5 15. Qe5 Bxf2+ 16. Kf1 Bxe1 17. Rxe1 Rc8 18. e4 Bb7 19. Kg1 Qc7 20. Qd4 Qc5 21. Qxc5 bxc5 22. e5 Nd5 23. Nd2 Ba6 24. Bf1 Bxf1 25. Kxf1 Nb4 26. Nc4 Nd3 27. Rd1 0-1

[Event "UK Women's Blitz Championship"]
[Site "Leamington"]
[Date "2025.11.22"]
[Round "6.4"]
[White "Mirzoeva, Elmira"]
[Black "Pyun, Lindsay"]
[Result "1-0"]
[WhiteElo "2122"]
[BlackElo "1796"]
[PlyCount "71"]
[EventDate "2025.11.22"]
[EventType "tourn (blitz)"]
[EventRounds "15"]
[EventCountry "GBR"]
[SourceTitle "BritBase"]
[Source "John Saunders"]
[SourceDate "2025.11.23"]
[SourceVersion "1"]
[SourceVersionDate "2025.11.23"]
[SourceQuality "1"]

1. d4 d5 2. c4 e6 3. Nc3 Nf6 4. Nf3 c6 5. cxd5 exd5 6. Bg5 h6 7. Bh4 Be7 8. Qc2 O-O 9. e3 Re8 10. Bd3 Ne4 11. Bxe4 dxe4 12. Qxe4 Bxh4 13. Qxh4 Qd6 14. O-O Be6 15. Ne4 Qe7 16. Qg3 Na6 17. Nc3 Rac8 18. Rad1 Nc7 19. Rfe1 Qf6 20. Ne4 Qe7 21. Nd6 Red8 22. Nxc8 Rxc8 23. b3 a5 24. e4 Qf6 25. Qe5 Qxe5 26. Nxe5 a4 27. Nc4 axb3 28. axb3 Rd8 29. f3 Nb5 30. d5 cxd5 31. exd5 Bf5 32. d6 Nc3 33. Rd2 b5 34. Nb6 b4 35. d7 Nb5 36. Re8+ 1-0

[Event "UK Women's Blitz Championship"]
[Site "Leamington"]
[Date "2025.11.22"]
[Round "6.5"]
[White "Hng, Mei-Xian Eunice"]
[Black "Tamilselvan, Tara"]
[Result "1-0"]
[WhiteElo "2000"]
[BlackElo "1887"]
[PlyCount "85"]
[EventDate "2025.11.22"]
[EventType "tourn (blitz)"]
[EventRounds "15"]
[EventCountry "GBR"]
[SourceTitle "BritBase"]
[Source "John Saunders"]
[SourceDate "2025.11.23"]
[SourceVersion "1"]
[SourceVersionDate "2025.11.23"]
[SourceQuality "1"]

1. e4 e5 2. Nf3 Nf6 3. Nxe5 d6 4. Nf3 Nxe4 5. d4 d5 6. h3 Bd6 7. Bd3 O-O 8. O-O Bf5 9. Be3 Qd7 10. Nbd2 Nxd2 11. Qxd2 Bxd3 12. Qxd3 Nc6 13. c3 Ne7 14. Qd2 Ng6 15. Rfe1 Rfe8 16. b3 h6 17. c4 c6 18. Rac1 a5 19. c5 Bc7 20. Qc2 Kh8 21. Qd2 Qf5 22. Re2 Nf4 23. Bxf4 Bxf4 24. Qc2 Qf6 25. Rce1 Rxe2 26. Qxe2 Kh7 27. g3 Bc7 28. Kg2 Rd8 29. Qd3+ Qg6 30. Qd2 f6 31. Re7 Rc8 32. Nh4 Qg5 33. Qd3+ Kg8 34. Nf3 Qh5 35. g4 Qf7 36. Rxf7 Kxf7 37. Qf5 Re8 38. Nh4 Re7 39. Qg6+ Kf8 40. Nf5 Re4 41. Qxg7+ Ke8 42. Qxc7 a4 43. Nd6+ 1-0

[Event "UK Women's Blitz Championship"]
[Site "Leamington"]
[Date "2025.11.22"]
[Round "6.6"]
[White "Sivanandan, Bodhana"]
[Black "Nguyen, Hong Nhung"]
[Result "1-0"]
[WhiteElo "2291"]
[BlackElo "2190"]
[PlyCount "51"]
[EventDate "2025.11.22"]
[EventType "tourn (blitz)"]
[EventRounds "15"]
[EventCountry "GBR"]
[SourceTitle "BritBase"]
[Source "John Saunders"]
[SourceDate "2025.11.23"]
[SourceVersion "1"]
[SourceVersionDate "2025.11.23"]
[SourceQuality "1"]

1. e4 c5 2. Nf3 e6 3. g3 Nc6 4. Bg2 Nf6 5. Nc3 d5 6. exd5 exd5 7. d4 Bg4 8. O-O Nxd4 9. h3 Bxf3 10. Bxf3 Nxf3+ 11. Qxf3 Be7 12. Bg5 O-O 13. Bxf6 Bxf6 14. Nxd5 Be5 15. Rfe1 Re8 16. Rad1 Qg5 17. b3 Rad8 18. h4 Qh6 19. Ne7+ Kf8 20. Rxd8 Rxd8 21. Rxe5 Re8 22. Qe2 f6 23. Re3 Rd8 24. Nf5 Qg6 25. Qf3 b6 26. Re7 1-0

[Event "UK Women's Blitz Championship"]
[Site "Leamington"]
[Date "2025.11.22"]
[Round "6.7"]
[White "Yuan, Alice"]
[Black "Hryshchenko, Kamila"]
[Result "0-1"]
[WhiteElo "1586"]
[BlackElo "2062"]
[PlyCount "52"]
[EventDate "2025.11.22"]
[EventType "tourn (blitz)"]
[EventRounds "15"]
[EventCountry "GBR"]
[SourceTitle "BritBase"]
[Source "John Saunders"]
[SourceDate "2025.11.23"]
[SourceVersion "1"]
[SourceVersionDate "2025.11.23"]
[SourceQuality "1"]

1. d4 d6 2. Bf4 g6 3. Nf3 Bg7 4. Nc3 Nf6 5. e4 O-O 6. Bc4 a6 7. O-O b5 8. Bb3 c6 9. a3 Qc7 10. Qe2 Nbd7 11. d5 c5 12. Ba2 c4 13. Rac1 Nc5 14. Rfe1 Nfd7 15. b3 Bxc3 16. Rf1 Bg7 17. bxc4 bxc4 18. Bxc4 Nb6 19. Bd3 Bg4 20. h3 Bxf3 21. Qxf3 Nbd7 22. Qe2 Rfc8 23. Rb1 a5 24. Rfc1 Rab8 25. Rxb8 Rxb8 26. Bc4 Nb6 0-1

[Event "UK Women's Blitz Championship"]
[Site "Leamington"]
[Date "2025.11.22"]
[Round "6.8"]
[White "Bahtiyorova, Nodirabegim"]
[Black "Rida, Ruqayyah"]
[Result "0-1"]
[WhiteElo "1817"]
[BlackElo "2072"]
[PlyCount "60"]
[EventDate "2025.11.22"]
[EventType "tourn (blitz)"]
[EventRounds "15"]
[EventCountry "GBR"]
[SourceTitle "BritBase"]
[Source "John Saunders"]
[SourceDate "2025.11.23"]
[SourceVersion "1"]
[SourceVersionDate "2025.11.23"]
[SourceQuality "1"]

1. e4 e5 2. Nf3 Nc6 3. Bc4 Bc5 4. c3 Nf6 5. d4 exd4 6. e5 d5 7. Bb5 Ne4 8. cxd4 Bb6 9. Nc3 O-O 10. O-O Bg4 11. Be3 f6 12. Qb3 Nxc3 13. bxc3 Bxf3 14. gxf3 fxe5 15. Bxc6 bxc6 16. dxe5 Rxf3 17. Kg2 Rf5 18. Bxb6 axb6 19. Rae1 Qg5+ 20. Kh1 Qf4 21. Re3 Rh5 22. h3 Rxe5 23. Rxe5 Qxe5 24. Qb2 Rf8 25. Qd2 Qe4+ 26. Kh2 Rf3 27. Rg1 Qf5 28. Rg3 Rxf2+ 29. Qxf2 Qxf2+ 30. Rg2 Qf4+ 0-1

[Event "UK Women's Blitz Championship"]
[Site "Leamington"]
[Date "2025.11.22"]
[Round "7.1"]
[White "Rida, Ruqayyah"]
[Black "Orlovska, Madara"]
[Result "1-0"]
[WhiteElo "2072"]
[BlackElo "2052"]
[PlyCount "57"]
[EventDate "2025.11.22"]
[EventType "tourn (blitz)"]
[EventRounds "15"]
[EventCountry "GBR"]
[SourceTitle "BritBase"]
[Source "John Saunders"]
[SourceDate "2025.11.23"]
[SourceVersion "1"]
[SourceVersionDate "2025.11.23"]
[SourceQuality "1"]

1. e4 c5 2. Nf3 Nc6 3. d4 cxd4 4. Nxd4 g6 5. c4 Bg7 6. Be3 Nh6 7. Nc3 d6 8. Be2 O-O 9. Rc1 f5 10. exf5 Nxf5 11. Nxf5 gxf5 12. Bg5 Be6 13. O-O Kh8 14. Re1 Bg8 15. b3 Qd7 16. Bf3 Ne5 17. Be2 a6 18. f4 Ng6 19. h4 h6 20. h5 hxg5 21. hxg6 g4 22. Bf1 Bf6 23. Nd5 Bxd5 24. Qxd5 Kg7 25. Bd3 Bh4 26. Re6 Qc7 27. Bxf5 Qb6+ 28. c5 dxc5 29. Rxb6 1-0

[Event "UK Women's Blitz Championship"]
[Site "Leamington"]
[Date "2025.11.22"]
[Round "7.2"]
[White "Hryshchenko, Kamila"]
[Black "Bahtiyorova, Nodirabegim"]
[Result "1-0"]
[WhiteElo "2062"]
[BlackElo "1817"]
[PlyCount "133"]
[EventDate "2025.11.22"]
[EventType "tourn (blitz)"]
[EventRounds "15"]
[EventCountry "GBR"]
[SourceTitle "BritBase"]
[Source "John Saunders"]
[SourceDate "2025.11.23"]
[SourceVersion "1"]
[SourceVersionDate "2025.11.23"]
[SourceQuality "1"]

1. e4 c5 2. Nf3 d6 3. d3 Nf6 4. g3 e6 5. Bg2 Be7 6. O-O O-O 7. c3 Nbd7 8. Re1 Rb8 9. Nbd2 a6 10. Ng5 h6 11. Nh3 b5 12. f4 Bb7 13. Nf2 Qc7 14. Nf3 Rfd8 15. Nh4 d5 16. e5 Ne8 17. Qg4 Kh7 18. Bd2 Nf8 19. f5 exf5 20. Nxf5 Ng6 21. h4 Bf8 22. d4 cxd4 23. cxd4 Bc8 24. Qf3 Qd7 25. Bh3 Qb7 26. h5 Ne7 27. g4 Nc7 28. Nxe7 Bxe7 29. Qxf7 Ne6 30. Qg6+ Kh8 31. Nd3 Bg5 32. Bxg5 Nxg5 33. Bg2 Qf7 34. Qxf7 Nxf7 35. Nf4 Bxg4 36. Bxd5 Ng5 37. Rac1 Nh3+ 38. Nxh3 Rxd5 39. Nf2 Rxd4 40. e6 Bxh5 41. Rc7 Re8 42. e7 Rf4 43. Kg2 Rf7 44. Nh3 g5 45. Nf2 Bg6 46. Kg3 Kg7 47. Nd1 Kf6 48. Rc6+ Kg7 49. Rc7 Kf6 50. Nc3 Rfxe7 51. Nd5+ Kf7 52. Rcxe7+ Rxe7 53. Rxe7+ Kf8 54. Ra7 h5 55. Rxa6 h4+ 56. Kh2 Be4 57. Nc3 Bd3 58. Rd6 Bc4 59. Rg6 Kf7 60. Rxg5 Kf6 61. Rh5 b4 62. Ne4+ Kg6 63. Rxh4 Bxa2 64. Nc5 Kf6 65. Rxb4 Bd5 66. Rd4 Bc6 67. Rd6+ 1-0

[Event "UK Women's Blitz Championship"]
[Site "Leamington"]
[Date "2025.11.22"]
[Round "7.3"]
[White "Nguyen, Hong Nhung"]
[Black "Yuan, Alice"]
[Result "1-0"]
[WhiteElo "2190"]
[BlackElo "1586"]
[PlyCount "53"]
[EventDate "2025.11.22"]
[EventType "tourn (blitz)"]
[EventRounds "15"]
[EventCountry "GBR"]
[SourceTitle "BritBase"]
[Source "John Saunders"]
[SourceDate "2025.11.23"]
[SourceVersion "1"]
[SourceVersionDate "2025.11.23"]
[SourceQuality "1"]

1. e4 e6 2. d4 d5 3. Nc3 dxe4 4. Nxe4 Nd7 5. Nf3 Ngf6 6. Nxf6+ Nxf6 7. Ne5 Bd6 8. Bg5 h6 9. Bh4 Bd7 10. Bd3 Be7 11. Qe2 O-O 12. O-O-O a6 13. Kb1 Rb8 14. g4 Nd5 15. Bg3 b5 16. h4 c5 17. dxc5 Bxc5 18. Nxd7 Qxd7 19. Bxb8 Rxb8 20. Be4 Qb7 21. g5 h5 22. Bxd5 exd5 23. Qxh5 Bxf2 24. Qf3 Bc5 25. Rxd5 Rd8 26. Rxd8+ Kh7 27. Qh5# 1-0

[Event "UK Women's Blitz Championship"]
[Site "Leamington"]
[Date "2025.11.22"]
[Round "7.4"]
[White "Tamilselvan, Tara"]
[Black "Sivanandan, Bodhana"]
[Result "0-1"]
[WhiteElo "1887"]
[BlackElo "2291"]
[PlyCount "66"]
[EventDate "2025.11.22"]
[EventType "tourn (blitz)"]
[EventRounds "15"]
[EventCountry "GBR"]
[SourceTitle "BritBase"]
[Source "John Saunders"]
[SourceDate "2025.11.23"]
[SourceVersion "1"]
[SourceVersionDate "2025.11.23"]
[SourceQuality "1"]

1. Nf3 d5 2. d4 Nf6 3. e3 c6 4. c4 Bg4 5. h3 Bxf3 6. Qxf3 e6 7. Nc3 Bb4 8. a3 Bxc3+ 9. bxc3 Ne4 10. Bd2 Nxd2 11. Kxd2 Nd7 12. Bd3 Qc7 13. Rhe1 Rd8 14. Ke2 O-O 15. Kf1 Qa5 16. Rec1 Qa4 17. c5 b6 18. cxb6 axb6 19. c4 Rc8 20. Kg1 Nf6 21. Qe2 Qa7 22. cxd5 cxd5 23. Rc2 Rxc2 24. Qxc2 h6 25. Qc3 Ra8 26. a4 Qb7 27. Bb5 Rc8 28. Qd3 Qc7 29. Ba6 Qc3 30. Rd1 Qxd3 31. Bxd3 Rc3 32. Bb5 Ne4 33. Rb1 Ra3 0-1

[Event "UK Women's Blitz Championship"]
[Site "Leamington"]
[Date "2025.11.22"]
[Round "7.5"]
[White "Pyun, Lindsay"]
[Black "Hng, Mei-Xian Eunice"]
[Result "0-1"]
[WhiteElo "1796"]
[BlackElo "2000"]
[PlyCount "92"]
[EventDate "2025.11.22"]
[EventType "tourn (blitz)"]
[EventRounds "15"]
[EventCountry "GBR"]
[SourceTitle "BritBase"]
[Source "John Saunders"]
[SourceDate "2025.11.23"]
[SourceVersion "1"]
[SourceVersionDate "2025.11.23"]
[SourceQuality "1"]

1. e4 d6 2. d4 Nf6 3. Nc3 g6 4. Be3 c6 5. h3 Bg7 6. Nf3 O-O 7. a4 Qa5 8. Bd3 Na6 9. O-O Nb4 10. Re1 Nxd3 11. Qxd3 Qc7 12. Qd2 Rd8 13. Rad1 b6 14. Bh6 Bb7 15. Bxg7 Kxg7 16. Qe3 e5 17. dxe5 dxe5 18. Qg5 Rxd1 19. Rxd1 Re8 20. Nh4 Bc8 21. Qe3 Qe7 22. Nf3 h6 23. Qd3 Qb4 24. b3 Ba6 25. Qxa6 Qxc3 26. Qd3 Qb4 27. Nd2 Re7 28. c3 Qa3 29. Qc2 Rd7 30. Nc4 Rxd1+ 31. Qxd1 Qc5 32. Qd3 b5 33. axb5 cxb5 34. Ne3 a5 35. Nd5 a4 36. bxa4 bxa4 37. Nxf6 Kxf6 38. c4 a3 39. Qb3 Qa7 40. Qa2 Qa5 41. f3 Qc5+ 42. Kh2 Qb4 43. Qc2 Qb2 44. Qa4 a2 45. Qc6+ Kg7 46. c5 a1=Q 0-1